[Event "10. Lovfalds EMT Mesterklassen 1996"]
[Site "Ringsted"]
[Date "1996.09.20"]
[Round "1"]
[White "Arnkilde, Anders"]
[Black "Ljungmann, Rune"]
[Result "0-1"]
[WhiteElo "2036"]
[BlackElo "2015"]
[PlyCount "135"]
[EventDate "1996.??.??"]

1. e4 e5 2. Nf3 Nc6 3. Bb5 Nf6 4. O-O Nxe4 5. d4 Be7 6. d5 Nd6 7. Ba4 e4 8.
dxc6 exf3 9. cxd7+ Bxd7 10. Bxd7+ Qxd7 11. Qxf3 O-O-O 12. Be3 Qf5 13. Nd2 Qxf3
14. Nxf3 Nc4 15. Bd4 Nd2 16. Nxd2 Rxd4 17. Nf3 Rb4 18. b3 Bf6 19. Rad1 Rb6 20.
Rfe1 Rd6 21. Rxd6 cxd6 22. Rd1 Kd7 23. c4 b6 24. Kf1 Re8 25. Ne1 a5 26. a4 Kc6
27. Nc2 Re4 28. Rd3 Rh4 29. h3 Rh5 30. Ne3 Be5 31. Nd5 Rh4 32. g4 Rh6 33. Rf3
Bf6 34. Re3 Bg5 35. Rf3 Bf6 36. Kg2 Rg6 37. Rd3 h5 38. Nf4 hxg4 39. Nxg6 gxh3+
40. Kxh3 fxg6 41. Rd5 Kd7 42. Kg4 Ke6 43. Kf4 Kd7 44. Ke4 Kc6 45. Rd1 Kc5 46.
Rd5+ Kc6 47. Kd3 Bh4 48. f3 Bf6 49. Kc2 Be5 50. Rd1 g5 51. Rd5 Bf6 52. Kd3 g4
53. fxg4 Ba1 54. Ke4 Bb2 55. Kf5 Bc3 56. Ke6 Bb4 57. Ke7 Bc3 58. Rxd6+ Kc5 59.
Rd5+ Kc6 60. Kf7 Bb2 61. g5 Ba1 62. g6 Bb2 63. Rh5 Bc3 64. Rh7 Kc5 65. Rxg7 Kb4
66. Rh7 Kxb3 67. Rh3 Kxc4 68. Rxc3+ 0-1

[Event "10. Lovfalds EMT Mesterklassen 1996"]
[Site "Ringsted"]
[Date "1996.09.20"]
[Round "1"]
[White "Askgaard, Jens"]
[Black "Dongart, Dennis"]
[Result "0-1"]
[WhiteElo "2011"]
[BlackElo "2017"]
[PlyCount "78"]
[EventDate "1996.??.??"]

1. d4 Nf6 2. c4 g6 3. Nc3 d5 4. cxd5 Nxd5 5. g3 Bg7 6. Bg2 Nxc3 7. bxc3 c5 8.
e3 e5 9. d5 O-O 10. e4 f5 11. f3 Qd6 12. Ne2 fxe4 13. fxe4 c4 14. Be3 Na6 15.
Rf1 Bg4 16. h3 Bd7 17. Rf2 Nc5 18. Nc1 Na4 19. Qd2 Qa3 20. Ne2 Nc5 21. Kf1 Nb3
22. Qd1 Nxa1 23. Qxa1 b5 24. Kg1 a5 25. Bf3 Bxh3 26. Qd1 Qd6 27. g4 Rxf3 28.
Rxf3 Bxg4 29. Rf2 b4 30. Qf1 Bxe2 31. Qxe2 Rc8 32. Qg4 Rb8 33. Bc5 Qxc5 34.
Qe6+ Kh8 35. d6 Rf8 36. d7 Qxf2+ 37. Kh1 Qh4+ 38. Kg2 Rf2+ 39. Kg1 Qh2# 0-1

[Event "10. Lovfalds EMT Mesterklassen 1996"]
[Site "Ringsted"]
[Date "1996.09.20"]
[Round "1"]
[White "Buhl, Poul"]
[Black "Madsen, Morten"]
[Result "1-0"]
[WhiteElo "2001"]
[BlackElo "1942"]
[PlyCount "57"]
[EventDate "1996.??.??"]

1. c4 c5 2. g3 d6 3. Bg2 g6 4. Nf3 Bg7 5. d4 Nd7 6. O-O Ngf6 7. b3 O-O 8. Bb2
Rb8 9. a4 b6 10. Nbd2 Bb7 11. d5 Bc8 12. h3 Ne8 13. Bxg7 Nxg7 14. e4 h6 15. Qc2
Re8 16. Rae1 Qc7 17. Qc3 Bb7 18. Nh2 e6 19. f4 exd5 20. exd5 Nf5 21. Be4 Nd4
22. Nhf3 f5 23. Bd3 Nxf3+ 24. Nxf3 Kf7 25. g4 fxg4 26. hxg4 Rxe1 27. Rxe1 Nf8
28. g5 h5 29. Qf6+ 1-0

[Event "10. Lovfalds EMT Mesterklassen 1996"]
[Site "Ringsted"]
[Date "1996.09.20"]
[Round "1"]
[White "Nielsen, Max"]
[Black "Jensen, Leif"]
[Result "1/2-1/2"]
[WhiteElo "2137"]
[BlackElo "2082"]
[PlyCount "65"]
[EventDate "1996.??.??"]

1. e4 e6 2. d4 d5 3. Nc3 dxe4 4. Nxe4 Bd7 5. Nf3 Bc6 6. Bd3 Bxe4 7. Bxe4 c6 8.
Qe2 Nf6 9. Bd3 Bd6 10. Bg5 Nbd7 11. O-O Qc7 12. c4 O-O 13. Rad1 h6 14. Bd2 Rfe8
15. Bb1 e5 16. c5 Bf8 17. Qc4 exd4 18. b4 Ne5 19. Nxe5 Qxe5 20. Bc1 Rad8 21.
Bb2 Ng4 22. g3 Qh5 23. h4 Ne5 24. Qb3 Qg4 25. f4 d3 26. Bxe5 Qxg3+ 27. Kh1
Qxh4+ 28. Kg2 Qg4+ 29. Kf2 Rxe5 30. fxe5 Qf4+ 31. Kg2 Qg4+ 32. Kh2 Qh4+ 33. Kg2
1/2-1/2

[Event "10. Lovfalds EMT Mesterklassen 1996"]
[Site "Ringsted"]
[Date "1996.09.20"]
[Round "1"]
[White "Rasmussen, Per Arnt"]
[Black "Chang, Johan"]
[Result "1-0"]
[WhiteElo "1996"]
[BlackElo "2027"]
[PlyCount "53"]
[EventDate "1996.??.??"]

1. e4 e6 2. d4 d5 3. Nc3 Bb4 4. Nge2 Nf6 5. e5 Ne4 6. a3 Nxc3 7. Nxc3 Bxc3+ 8.
bxc3 f5 9. Qh5+ g6 10. Qh6 Qe7 11. h4 Rg8 12. Bg5 Qg7 13. Qxg7 Rxg7 14. h5 Nd7
15. hxg6 hxg6 16. Rh8+ Kf7 17. Bh6 Rg8 18. Rh7+ Ke8 19. Bg5 c6 20. Be2 Nb6 21.
Kd2 Bd7 22. Rah1 Kf8 23. Be7+ Ke8 24. Bf6 Rc8 25. R1h6 c5 26. Rxg6 Nc4+ 27. Kc1
1-0

[Event "10. Lovfalds EMT Mesterklassen 1996"]
[Site "Ringsted"]
[Date "1996.09.21"]
[Round "2"]
[White "Askgaard, Jens"]
[Black "Nielsen, Max"]
[Result "0-1"]
[WhiteElo "2011"]
[BlackElo "2137"]
[PlyCount "64"]
[EventDate "1996.??.??"]

1. d4 Nf6 2. Nf3 g6 3. Bg5 Bg7 4. Nbd2 O-O 5. c3 d5 6. e3 Nbd7 7. Bd3 Re8 8.
O-O e5 9. dxe5 Nxe5 10. Nxe5 Rxe5 11. Nf3 Re8 12. c4 c6 13. Qc2 dxc4 14. Bxc4
Qb6 15. Rad1 Ne4 16. b3 Qa5 17. Bf4 Bg4 18. a4 Qh5 19. Be2 Nc3 20. Rde1 Nxe2+
21. Qxe2 Qd5 22. Rb1 Bf5 23. Rfd1 Qa5 24. Rbc1 Qb4 25. Qc4 Qxc4 26. Rxc4 Be6
27. Rb4 b6 28. Ng5 Bf8 29. Rbd4 Bxb3 30. R1d3 c5 31. Rd7 c4 32. Rc3 Re7 0-1

[Event "10. Lovfalds EMT Mesterklassen 1996"]
[Site "Ringsted"]
[Date "1996.09.21"]
[Round "2"]
[White "Chang, Johan"]
[Black "Arnkilde, Anders"]
[Result "0-1"]
[WhiteElo "2027"]
[BlackElo "2036"]
[PlyCount "102"]
[EventDate "1996.??.??"]

1. e4 e5 2. Nf3 Nc6 3. Bb5 Nf6 4. O-O Nxe4 5. Re1 Nc5 6. d4 Na6 7. Bxa6 bxa6 8.
Nxe5 Be7 9. Bg5 Nxe5 10. Bxe7 Kxe7 11. Rxe5+ Kf8 12. Nc3 d6 13. Re3 Bb7 14. Qg4
h5 15. Qf4 Rh6 16. Rae1 Rg6 17. d5 Rg4 18. Qf5 g6 19. Qd3 Qg5 20. g3 Qf6 21.
Rf3 Qd8 22. h3 Rg5 23. Qd4 Kg8 24. Rfe3 c5 25. Qd2 Rf5 26. Re7 Rb8 27. g4 hxg4
28. hxg4 Re5 29. R7xe5 dxe5 30. Rxe5 Qh4 31. Qf4 Kg7 32. Ne4 Rh8 33. Ng3 Bc8
34. f3 Qh2+ 35. Kf1 Qxc2 36. Re2 Qd1+ 37. Kf2 Rh2+ 38. Ke3 Qc1+ 39. Ke4 Qc4+
40. Ke5 Rxe2+ 41. Nxe2 Qxe2+ 42. Kd6 Qxb2 43. Kxc5 Qb5+ 44. Kd4 Qb4+ 45. Ke5
Qxf4+ 46. Kxf4 Kf6 47. g5+ Ke7 48. Ke5 Bf5 49. a4 a5 50. d6+ Kd7 51. Kd5 Bc2
0-1

[Event "10. Lovfalds EMT Mesterklassen 1996"]
[Site "Ringsted"]
[Date "1996.09.21"]
[Round "2"]
[White "Dongart, Dennis"]
[Black "Buhl, Poul"]
[Result "1/2-1/2"]
[WhiteElo "2017"]
[BlackElo "2001"]
[PlyCount "45"]
[EventDate "1996.??.??"]

1. e4 d6 2. d4 Nf6 3. Nc3 g6 4. Be2 Bg7 5. h4 h5 6. Bg5 Nbd7 7. Qd2 c5 8. d5 a6
9. a4 Qa5 10. Nh3 b5 11. f3 Nb6 12. O-O b4 13. Nd1 Bd7 14. Ne3 Nh7 15. Ra2 Nxg5
16. Nxg5 c4 17. b3 Bc3 18. Qc1 Qc5 19. Kh1 cxb3 20. cxb3 Qd4 21. Rd1 Qg7 22.
Nc4 Nxc4 23. Bxc4 1/2-1/2

[Event "10. Lovfalds EMT Mesterklassen 1996"]
[Site "Ringsted"]
[Date "1996.09.21"]
[Round "2"]
[White "Madsen, Morten"]
[Black "Jensen, Leif"]
[Result "1-0"]
[WhiteElo "1942"]
[BlackElo "2082"]
[PlyCount "65"]
[EventDate "1996.??.??"]

1. e4 e6 2. d4 d5 3. e5 c5 4. c3 Nc6 5. Nf3 Bd7 6. Be2 b5 7. O-O b4 8. cxb4
cxb4 9. b3 Qb6 10. Be3 g6 11. Nbd2 Nge7 12. Bd3 Nd8 13. Bg5 h6 14. Bf6 Rg8 15.
Rc1 Ndc6 16. Qe2 Nxd4 17. Nxd4 Qxd4 18. Bb5 Qb6 19. Bxd7+ Kxd7 20. Rfd1 Nc6 21.
Nc4 Qb5 22. Qf3 Ke8 23. Nd6+ Bxd6 24. exd6 Kd7 25. Bd4 f5 26. Qe3 Nxd4 27. Qxd4
Kxd6 28. Re1 Qb6 29. Qe5+ Kd7 30. Rc7+ Kd8 31. Rec1 Rf8 32. Qg7 Qd6 33. R1c6
1-0

[Event "10. Lovfalds EMT Mesterklassen 1996"]
[Site "Ringsted"]
[Date "1996.09.21"]
[Round "2"]
[White "Rasmussen, Per Arnt"]
[Black "Ljungmann, Rune"]
[Result "0-1"]
[WhiteElo "1996"]
[BlackElo "2015"]
[PlyCount "54"]
[EventDate "1996.??.??"]

1. e4 e5 2. Nf3 Nc6 3. Bc4 Bc5 4. b4 Bxb4 5. c3 Bc5 6. d4 exd4 7. cxd4 Bb4+ 8.
Kf1 Qe7 9. Bb2 Na5 10. Bd3 d5 11. a3 dxe4 12. axb4 Nc6 13. d5 exf3 14. Qxf3 Ne5
15. Bxe5 Qxe5 16. Nc3 Kf8 17. Re1 Qf6 18. Bb5 Ne7 19. d6 cxd6 20. Qxf6 gxf6 21.
Ne4 a6 22. Ba4 Be6 23. Nxd6 b5 24. Bc2 Rd8 25. Ne4 Bc4+ 26. Kg1 Nd5 27. Rb1 f5
0-1

[Event "10. Lovfalds EMT Mesterklassen 1996"]
[Site "Ringsted"]
[Date "1996.09.21"]
[Round "3"]
[White "Buhl, Poul"]
[Black "Ljungmann, Rune"]
[Result "1-0"]
[WhiteElo "2001"]
[BlackElo "2015"]
[PlyCount "101"]
[EventDate "1996.??.??"]

1. c4 Nf6 2. g3 g6 3. Bg2 Bg7 4. d4 O-O 5. e3 d6 6. Ne2 c5 7. O-O Nc6 8. d5 Ne5
9. b3 Rb8 10. a4 a6 11. Nbc3 Ne8 12. Bb2 b6 13. h3 Nc7 14. Qc2 b5 15. f4 Nd7
16. Nd1 Nf6 17. e4 e6 18. Bc3 exd5 19. cxd5 Re8 20. Ne3 Nd7 21. Bxg7 Kxg7 22.
Ng4 h5 23. Ne3 Kg8 24. Kh2 bxa4 25. bxa4 a5 26. Nc4 Qf6 27. e5 dxe5 28. fxe5
Qg7 29. Nd6 Rf8 30. Nxf7 Rxf7 31. Rxf7 Qxf7 32. e6 Nxe6 33. dxe6 Qxe6 34. Nf4
Qf5 35. Qc4+ Kg7 36. Ne6+ Kh8 37. Rf1 Ne5 38. Rxf5 Nxc4 39. Rf8+ Kh7 40. Ng5+
Kh6 41. h4 Kg7 42. Rf7+ Kg8 43. Bd5 Rb2+ 44. Kg1 Rb4 45. Rf4+ Kg7 46. Rxc4 Bf5
47. Rxb4 cxb4 48. Bb3 Kf6 49. Kf2 Ke5 50. Ke3 Bg4 51. Nf7+ 1-0

[Event "10. Lovfalds EMT Mesterklassen 1996"]
[Site "Ringsted"]
[Date "1996.09.21"]
[Round "3"]
[White "Chang, Johan"]
[Black "Askgaard, Jens"]
[Result "0-1"]
[WhiteElo "2027"]
[BlackElo "2011"]
[PlyCount "52"]
[EventDate "1996.??.??"]

1. e4 e6 2. d4 d5 3. Nd2 c5 4. exd5 Qxd5 5. Ngf3 cxd4 6. Bc4 Qd6 7. O-O Nf6 8.
Nb3 Nc6 9. Nbxd4 Nxd4 10. Nxd4 Bd7 11. c3 Be7 12. Qe2 O-O 13. Bg5 Rac8 14. Bb3
Qc5 15. Bh4 Rfd8 16. Rfe1 Kh8 17. Bc2 Bc6 18. Nxc6 Qxc6 19. Rad1 Qc7 20. Qe3
Ng4 21. Qh3 Bxh4 22. Qxh4 Nf6 23. g4 Qf4 24. h3 Rd2 25. Re3 g5 26. Qh6 Qxf2+
0-1

[Event "10. Lovfalds EMT Mesterklassen 1996"]
[Site "Ringsted"]
[Date "1996.09.21"]
[Round "3"]
[White "Jensen, Leif"]
[Black "Arnkilde, Anders"]
[Result "1/2-1/2"]
[WhiteElo "2082"]
[BlackElo "2036"]
[PlyCount "167"]
[EventDate "1996.??.??"]

1. e4 e5 2. Nc3 Nf6 3. f4 d5 4. fxe5 Nxe4 5. Nf3 Bg4 6. Qe2 Nxc3 7. dxc3 c6 8.
Bf4 Qa5 9. a3 d4 10. b4 Qa4 11. Qd3 dxc3 12. Qxc3 a5 13. Rb1 axb4 14. axb4 Qa2
15. Qb3 Qxb3 16. Rxb3 Ra1+ 17. Kf2 Be6 18. Rb2 Nd7 19. g3 Nb6 20. Bg2 Ra4 21.
c3 Nc4 22. Rc2 Bf5 23. Rcc1 Ra2+ 24. Kg1 Be4 25. h4 Be7 26. Rh2 Bd5 27. Nd4
Bxg2 28. Rxg2 Rxg2+ 29. Kxg2 O-O 30. Nf5 Bd8 31. Rd1 Bc7 32. Rd7 Bxe5 33. Bxe5
Nxe5 34. Rxb7 Rd8 35. Nd4 Rc8 36. Re7 Ng6 37. Nf5 h5 38. Rb7 Re8 39. Kf2 Re5
40. Ne3 Kf8 41. Rb6 Re6 42. Nf5 Kg8 43. Nd4 Rf6+ 44. Ke2 Ne5 45. b5 cxb5 46.
Rb8+ Kh7 47. Rxb5 Nc4 48. Rxh5+ Kg8 49. Rc5 Nd6 50. Ke3 Kf8 51. g4 g6 52. Rd5
Ke7 53. h5 gxh5 54. Rxh5 Kd7 55. Rd5 Kc7 56. Nb5+ Nxb5 57. Rxb5 Rc6 58. Kd3
Rd6+ 59. Kc2 Rg6 60. Rb4 Rg5 61. Rf4 Kd6 62. Kd3 Ke5 63. Rxf7 Rxg4 64. Rd7 Ra4
65. Kc2 Ke6 66. Rd1 Ra8 67. c4 Ra6 68. Kb3 Rd6 69. Re1+ Kd7 70. Kb4 Kc6 71. Ra1
Rd2 72. Ra6+ Kb7 73. Rh6 Rg2 74. Kb5 Rg5+ 75. c5 Rg7 76. Rb6+ Kc7 77. Ra6 Kb7
78. Ra3 Rg6 79. Rf3 Kc7 80. Rf7+ Kc8 81. Rh7 Rg5 82. Rh4 Rg6 83. c6 Rg8 84. Rh7
1/2-1/2

[Event "10. Lovfalds EMT Mesterklassen 1996"]
[Site "Ringsted"]
[Date "1996.09.21"]
[Round "3"]
[White "Madsen, Morten"]
[Black "Rasmussen, Per Arnt"]
[Result "0-1"]
[WhiteElo "1942"]
[BlackElo "1996"]
[PlyCount "80"]
[EventDate "1996.??.??"]

1. e4 c5 2. c3 d5 3. e5 Nc6 4. d4 Bf5 5. dxc5 e6 6. b4 Nxe5 7. Qa4+ Nd7 8. Nf3
e5 9. Be2 f6 10. O-O Nh6 11. Rd1 Be6 12. Be3 Be7 13. c6 bxc6 14. Qxc6 Kf7 15.
Ba6 Nb6 16. Qb5 Nf5 17. Qe2 Nxe3 18. fxe3 Rf8 19. a4 Qc7 20. a5 Nc4 21. Na3
Nxa3 22. Rxa3 Rad8 23. Qf2 Kg8 24. Qe1 Rd6 25. Be2 Rfd8 26. Raa1 Rc6 27. b5
Rxc3 28. b6 Qc5 29. bxa7 Qxe3+ 30. Kh1 Bc5 31. Rab1 Bxa7 32. Rb7 Rdc8 33. Qg3
R8c7 34. Rxc7 Rxc7 35. Re1 Rc1 36. h3 Rxe1+ 37. Qxe1 e4 38. Nh2 d4 39. Qf1 d3
40. Bd1 Qg3 0-1

[Event "10. Lovfalds EMT Mesterklassen 1996"]
[Site "Ringsted"]
[Date "1996.09.21"]
[Round "3"]
[White "Nielsen, Max"]
[Black "Dongart, Dennis"]
[Result "1-0"]
[WhiteElo "2137"]
[BlackElo "2017"]
[PlyCount "73"]
[EventDate "1996.??.??"]

1. e4 c6 2. d4 d5 3. e5 Bf5 4. Nc3 e6 5. g4 Bg6 6. Nge2 c5 7. h4 cxd4 8. Nxd4
h5 9. Bb5+ Nd7 10. f4 hxg4 11. f5 Rxh4 12. Rf1 exf5 13. e6 fxe6 14. Qe2 Qe7 15.
Bg5 Qxg5 16. Nxe6 Rh2 17. Qxh2 Qe3+ 18. Qe2 Qxe2+ 19. Nxe2 Rc8 20. Nxf8 Kxf8
21. Bxd7 Rxc2 22. Bxf5 Bxf5 23. Rxf5+ Nf6 24. b3 Kf7 25. Rf2 Rc8 26. Rc1 Re8
27. Rc7+ Kg6 28. Kf1 Ne4 29. Rff7 Nd2+ 30. Ke1 Nf3+ 31. Kf2 Rg8 32. Nf4+ Kg5
33. Nxd5 Kh4 34. Rxg7 Rd8 35. Rh7+ Kg5 36. Rcg7+ Kf5 37. Ne3+ 1-0

[Event "10. Lovfalds EMT Mesterklassen 1996"]
[Site "Ringsted"]
[Date "1996.09.22"]
[Round "4"]
[White "Arnkilde, Anders"]
[Black "Rasmussen, Per Arnt"]
[Result "0-1"]
[WhiteElo "2036"]
[BlackElo "1996"]
[PlyCount "98"]
[EventDate "1996.??.??"]

1. e4 e5 2. Nf3 f5 3. Bc4 fxe4 4. Nxe5 d5 5. Qh5+ g6 6. Nxg6 hxg6 7. Qxh8 Kf7
8. Qd4 Nf6 9. Bf1 c5 10. Qe3 Nc6 11. d3 Nd4 12. Na3 Ng4 13. Qf4+ Bf5 14. h3 Bd6
15. Qg5 Be7 16. Qd2 e3 17. fxe3 Bh4+ 18. Kd1 Nf2+ 19. Qxf2 Bxf2 20. exd4 cxd4
21. Be2 Be3 22. Bxe3 dxe3 23. g4 Bd7 24. Rf1+ Kg7 25. d4 Qb6 26. Rb1 Qxd4+ 27.
Bd3 Re8 28. Ke1 b5 29. Ke2 b4 30. c3 Bxg4+ 31. hxg4 Qxg4+ 32. Ke1 bxa3 33. bxa3
Qg3+ 34. Kd1 Qg4+ 35. Kc1 Re7 36. Rb4 Qg2 37. Rb2 Qg5 38. Re2 Qe5 39. Rc2 Rc7
40. Rg1 Rc6 41. Kb2 d4 42. c4 Rf6 43. Rg4 g5 44. Ka1 Rf1+ 45. Bxf1 d3+ 46. Rb2
e2 47. Bxe2 dxe2 48. Rxg5+ Qxg5 49. Rxe2 Qc1# 0-1

[Event "10. Lovfalds EMT Mesterklassen 1996"]
[Site "Ringsted"]
[Date "1996.09.22"]
[Round "4"]
[White "Askgaard, Jens"]
[Black "Madsen, Morten"]
[Result "1-0"]
[WhiteElo "2011"]
[BlackElo "1942"]
[PlyCount "79"]
[EventDate "1996.??.??"]

1. a3 d5 2. Nf3 g6 3. g3 Bg7 4. Bg2 c6 5. O-O Bf5 6. d3 Qd7 7. c4 Bh3 8. Bxh3
Qxh3 9. Qb3 Qd7 10. cxd5 cxd5 11. Nc3 e6 12. e4 d4 13. Na4 Na6 14. Bf4 b5 15.
Rac1 bxa4 16. Qc4 g5 17. Nxg5 e5 18. Bd2 Nb8 19. Nxf7 Ne7 20. Nxh8 Bxh8 21. f4
Nbc6 22. f5 Bf6 23. Qxa4 Kf7 24. Rc2 Qe8 25. Rfc1 Rc8 26. b4 a6 27. Qxa6 Ra8
28. Qc4+ Kg7 29. Qe6 Qh5 30. Rxc6 Nxc6 31. Qxc6 Rf8 32. Qc2 Qg4 33. Qd1 Qh3 34.
b5 h5 35. Qf1 Qg4 36. h3 Qxg3+ 37. Qg2 h4 38. Qxg3+ hxg3 39. a4 Rb8 40. Rb1 1-0

[Event "10. Lovfalds EMT Mesterklassen 1996"]
[Site "Ringsted"]
[Date "1996.09.22"]
[Round "4"]
[White "Dongart, Dennis"]
[Black "Ljungmann, Rune"]
[Result "1/2-1/2"]
[WhiteElo "2017"]
[BlackElo "2015"]
[PlyCount "91"]
[EventDate "1996.??.??"]

1. e4 e5 2. Nf3 Nc6 3. Bb5 a6 4. Bxc6 dxc6 5. d4 exd4 6. Qxd4 Qxd4 7. Nxd4 f6
8. Be3 Bd7 9. Nd2 O-O-O 10. O-O-O Ne7 11. f3 Ng6 12. Nc4 c5 13. Ne2 b6 14. Nf4
Nxf4 15. Bxf4 Be7 16. Ne3 Be6 17. Bg3 b5 18. Rxd8+ Rxd8 19. Rd1 c4 20. c3 c6
21. Nc2 c5 22. Ne3 Rd3 23. Bf2 Kc7 24. Nc2 Kc6 25. Ne1 Rxd1+ 26. Kxd1 b4 27.
Kd2 a5 28. g4 Bd6 29. Bg3 Be7 30. Ng2 g5 31. Ne3 Bd8 32. h4 h6 33. Nf5 Bxf5 34.
gxf5 a4 35. a3 bxa3 36. bxa3 Ba5 37. h5 Kd7 38. f4 Bc7 39. Ke3 Ke7 40. e5 gxf4+
41. Bxf4 Bxe5 42. Bxe5 fxe5 43. Kf3 Kf7 44. Ke3 Ke7 45. Kf3 Kf7 46. Ke3 1/2-1/2

[Event "10. Lovfalds EMT Mesterklassen 1996"]
[Site "Ringsted"]
[Date "1996.09.22"]
[Round "4"]
[White "Jensen, Leif"]
[Black "Chang, Johan"]
[Result "1-0"]
[WhiteElo "2082"]
[BlackElo "2027"]
[PlyCount "135"]
[EventDate "1996.??.??"]

1. e4 e6 2. d4 d5 3. Nd2 c5 4. exd5 exd5 5. dxc5 Bxc5 6. Nb3 Bb6 7. Nf3 Nf6 8.
Bd3 O-O 9. O-O Bg4 10. h3 Bh5 11. g4 Bg6 12. Bg5 Qd6 13. Bxf6 Qg3+ 14. Kh1
Qxh3+ 15. Nh2 gxf6 16. Bxg6 hxg6 17. Qxd5 Nc6 18. Qf3 Qh4 19. Kg2 Ne5 20. Qg3
Qxg3+ 21. Kxg3 Bc7 22. Kg2 Kg7 23. Nd2 g5 24. Ndf3 Rh8 25. Nxe5 fxe5 26. Rfd1
e4 27. Nf1 Rh4 28. Ne3 Rh2+ 29. Kf1 Bb6 30. Ke2 Rc8 31. c3 Bxe3 32. Kxe3 Rc6
33. Rh1 Rxh1 34. Rxh1 Rb6 35. b3 Ra6 36. a4 Rf6 37. Kxe4 Rxf2 38. Rg1 Kf6 39.
Rg3 Ke6 40. Ke3 Rf4 41. Rg2 Ke5 42. Rg1 b6 43. Rg2 f6 44. Rg1 a5 45. Rg2 Rf1
46. Rb2 Rh1 47. Rf2 Rh3+ 48. Kd2 Rg3 49. Rf5+ Ke6 50. Rb5 Rxg4 51. Rxb6+ Ke5
52. b4 axb4 53. cxb4 Kd4 54. Rxf6 Rg2+ 55. Ke1 Kc4 56. Rb6 g4 57. a5 Ra2 58. a6
g3 59. Kf1 Kd5 60. b5 Ke4 61. Rg6 Kf3 62. Rf6+ Kg4 63. Rf7 g2+ 64. Kg1 Kg3 65.
Rg7+ Kf3 66. Kh2 Ra5 67. a7 g1=Q+ 68. Kxg1 1-0

[Event "10. Lovfalds EMT Mesterklassen 1996"]
[Site "Ringsted"]
[Date "1996.09.22"]
[Round "4"]
[White "Nielsen, Max"]
[Black "Buhl, Poul"]
[Result "1-0"]
[WhiteElo "2137"]
[BlackElo "2001"]
[PlyCount "53"]
[EventDate "1996.??.??"]

1. e4 d6 2. d4 Nf6 3. Nc3 g6 4. f4 Bg7 5. Nf3 O-O 6. Bd3 c6 7. O-O b5 8. e5
dxe5 9. fxe5 Nd5 10. Nxd5 Qxd5 11. Qe1 Be6 12. a4 Qd7 13. Qh4 Bc4 14. Bxc4 bxc4
15. Bh6 f6 16. Bxg7 Kxg7 17. exf6+ exf6 18. Rad1 Na6 19. Nd2 Qd5 20. Rde1 Rf7
21. c3 c5 22. Re7 f5 23. Ne4 Rxe7 24. Qxe7+ Qf7 25. Qe5+ Kg8 26. Nd6 Qf8 27.
Nxf5 1-0

[Event "10. Lovfalds EMT Mesterklassen 1996"]
[Site "Ringsted"]
[Date "1996.09.22"]
[Round "5"]
[White "Arnkilde, Anders"]
[Black "Dongart, Dennis"]
[Result "0-1"]
[WhiteElo "2036"]
[BlackElo "2017"]
[PlyCount "100"]
[EventDate "1996.??.??"]

1. e4 c6 2. d4 d5 3. exd5 cxd5 4. Bd3 Nc6 5. c3 Nf6 6. Nf3 Bg4 7. O-O e6 8. h3
Bh5 9. Bf4 Bd6 10. Bxd6 Qxd6 11. Nbd2 O-O 12. Re1 Rfc8 13. a4 Nd7 14. g4 Bg6
15. Bxg6 hxg6 16. Qe2 Na5 17. Ne5 Nxe5 18. dxe5 Qb6 19. b4 Nc4 20. a5 Qd8 21.
Nf3 b6 22. a6 Rc7 23. Nd4 Qg5 24. Ra2 Re8 25. Qd3 Qd8 26. f4 Ree7 27. Kg2 Qe8
28. Qg3 b5 29. Qh4 Nb6 30. Nf3 Nd7 31. Nd4 Rxc3 32. Nxb5 Rb3 33. Nd4 Rc3 34. b5
Nb6 35. Nc6 Rc7 36. Qf2 Qf8 37. Nxa7 Qb4 38. Rb2 Rb3 39. Rxb3 Qxb3 40. Re3 Qb1
41. Re2 Qd3 42. Rd2 Qe4+ 43. Kg3 Rc3+ 44. Kh2 Rf3 45. Qd4 Qe1 46. Rg2 Qh4 47.
Kg1 Rxh3 48. Kf1 Rh1+ 49. Ke2 Qe1+ 50. Kd3 Qd1+ 0-1

[Event "10. Lovfalds EMT Mesterklassen 1996"]
[Site "Ringsted"]
[Date "1996.09.22"]
[Round "5"]
[White "Chang, Johan"]
[Black "Madsen, Morten"]
[Result "0-1"]
[WhiteElo "2027"]
[BlackElo "1942"]
[PlyCount "78"]
[EventDate "1996.??.??"]

1. e4 e5 2. Nf3 d6 3. d4 exd4 4. Nxd4 Nc6 5. Bb5 Bd7 6. Bxc6 bxc6 7. Nc3 g6 8.
O-O Bg7 9. Be3 Nf6 10. f3 c5 11. Nde2 Rb8 12. Rb1 O-O 13. Qd2 Qe7 14. Nf4 Be6
15. Nd3 Nd7 16. Bg5 Bf6 17. Bxf6 Qxf6 18. Nf4 Nb6 19. b3 Rbd8 20. Rbd1 c6 21.
Nxe6 fxe6 22. Qe3 Rd7 23. Rd2 Rfd8 24. Rfd1 Qf8 25. Ne2 e5 26. a4 Na8 27. Qc3
Nc7 28. Nc1 Ne6 29. Qc4 Qf7 30. Qa6 d5 31. Qxc6 Rc7 32. Qa6 d4 33. Nd3 Qf6 34.
Nb2 Rdc8 35. Qf1 Kg7 36. Nc4 Nf4 37. g3 Ne6 38. Rf2 Rf8 39. Qg2 Rd7 0-1

[Event "10. Lovfalds EMT Mesterklassen 1996"]
[Site "Ringsted"]
[Date "1996.09.22"]
[Round "5"]
[White "Jensen, Leif"]
[Black "Buhl, Poul"]
[Result "1/2-1/2"]
[WhiteElo "2082"]
[BlackElo "2001"]
[PlyCount "84"]
[EventDate "1996.??.??"]

1. e4 g6 2. f4 Bg7 3. Nf3 c5 4. d3 d6 5. g3 b5 6. Bg2 Bb7 7. c3 Nd7 8. O-O Qc7
9. Qc2 Ngf6 10. Be3 O-O 11. Nbd2 Ng4 12. Bf2 Nxf2 13. Rxf2 a5 14. a4 b4 15. c4
Bc6 16. Rb1 b3 17. Qxb3 Nb6 18. Qc2 Bxa4 19. b3 Bc6 20. Re2 Rfb8 21. e5 a4 22.
bxa4 Rxa4 23. h3 Rba8 24. Kh2 Nd7 25. e6 fxe6 26. Rxe6 Ra2 27. Qd1 Nf8 28. Re2
h6 29. Qe1 R8a7 30. Nh4 Bxg2 31. Kxg2 Bc3 32. Qd1 Rb7 33. Nhf3 Qb8 34. Rxb7
Qxb7 35. Ne4 Rxe2+ 36. Qxe2 Qb2 37. Qxb2 Bxb2 38. Kf2 Ne6 39. Ke3 Bc1+ 40. Ned2
Kf7 41. Ke4 Bxd2 42. Nxd2 Nd4 1/2-1/2

[Event "10. Lovfalds EMT Mesterklassen 1996"]
[Site "Ringsted"]
[Date "1996.09.22"]
[Round "5"]
[White "Ljungmann, Rune"]
[Black "Askgaard, Jens"]
[Result "1/2-1/2"]
[WhiteElo "2015"]
[BlackElo "2011"]
[PlyCount "75"]
[EventDate "1996.??.??"]

1. e4 e6 2. d4 d5 3. e5 c5 4. c3 Qb6 5. Nf3 Bd7 6. a3 cxd4 7. cxd4 Bb5 8. Bxb5+
Qxb5 9. Nc3 Qa6 10. Qe2 Qxe2+ 11. Kxe2 Nc6 12. b4 Nh6 13. Bxh6 gxh6 14. Rac1
Be7 15. Na4 Kd7 16. Nc5+ Bxc5 17. Rxc5 Rhg8 18. g3 Rac8 19. Rhc1 Ne7 20. Nd2
Rxc5 21. Rxc5 Nc8 22. f4 Nb6 23. Kd3 h5 24. Rc2 h4 25. Nf1 hxg3 26. hxg3 Nc4
27. a4 Nb6 28. a5 Nc4 29. Rh2 Rg7 30. Rh4 Kc6 31. g4 Kb5 32. Kc3 Ka4 33. Ng3
Ne3 34. g5 Ng2 35. Rg4 Ne3 36. Rh4 Ng2 37. Rg4 Ne3 38. Rh4 1/2-1/2

[Event "10. Lovfalds EMT Mesterklassen 1996"]
[Site "Ringsted"]
[Date "1996.09.22"]
[Round "5"]
[White "Rasmussen, Per Arnt"]
[Black "Nielsen, Max"]
[Result "1-0"]
[WhiteElo "1996"]
[BlackElo "2137"]
[PlyCount "63"]
[EventDate "1996.??.??"]

1. e4 c5 2. d4 cxd4 3. c3 dxc3 4. Nxc3 Nc6 5. Nf3 d6 6. Bc4 a6 7. O-O Nf6 8.
Bg5 e6 9. Qe2 h6 10. Be3 b5 11. Bb3 Bd7 12. Rfd1 Be7 13. Rac1 Qb8 14. Nd4 Na5
15. f4 Nxb3 16. axb3 O-O 17. g4 b4 18. g5 hxg5 19. fxg5 Nh7 20. Nf5 Bd8 21.
Nxd6 bxc3 22. Rxc3 Bb5 23. Qh5 Bxg5 24. Bxg5 Nxg5 25. Qxg5 Qd8 26. Qh5 g6 27.
Rg3 Qf6 28. e5 Qg7 29. Qg5 Rab8 30. Ne4 Rfc8 31. Nf6+ Kf8 32. Rh3 1-0